000 00514nam a2200181Ia 4500
003 GCL
008 140319s9999 xx 000 0 ara d
040 _aGCL /
_cGCL
082 0 4 _a214
_bم ت
100 1 _aمحمد الغزالى
245 1 0 _aتراثنا الفكرى فى ميزان الشرع والعقل /
_cمحمد الغزالى
260 _a[S.N] :
_bدار الشروق
300 _a202 ص
490 _a
650 0 4 _aالاسلام
650 0 4 _aالفقه الاسلامى
942 _2ddc
_cBK
999 _c55168
_d55168